000
00260nam a22001337a 4500
082
_a
823
_b
KAR/H
100
_a
KARNAD, GIRISH
245
_a
HANUMAN, THE MIGHTY
250
_a
6
260
_c
2008
300
_a
21
650
_a
ENGLISH SHORT STORY
942
_c
BK
999
_c
3314
_d
3314